Managerial accounting / (Record no. 301)

000 -LEADER
fixed length control field 01244cam a22003014a 4500
001 - CONTROL NUMBER
control field 14539870
003 - CONTROL NUMBER IDENTIFIER
control field OSt
005 - DATE AND TIME OF LATEST TRANSACTION
control field 20140116120824.0
008 - FIXED-LENGTH DATA ELEMENTS--GENERAL INFORMATION
fixed length control field 060908s2006 ohua b 001 0 eng
010 ## - LIBRARY OF CONGRESS CONTROL NUMBER
LC control number 2006934291
020 ## - INTERNATIONAL STANDARD BOOK NUMBER
International Standard Book Number 9780324376067
040 ## - CATALOGING SOURCE
Original cataloging agency DLC
Transcribing agency DLC
050 00 - LIBRARY OF CONGRESS CALL NUMBER
Classification number HF5657.4.H36 2007
100 1# - MAIN ENTRY--PERSONAL NAME
Personal name Hansen, Don R.
245 10 - TITLE STATEMENT
Title Managerial accounting /
Statement of responsibility, etc Don R. Hansen, Maryanne M. Mowen.
246 3# - VARYING FORM OF TITLE
Title proper/short title Hansen & Mowen managerial accounting
250 ## - EDITION STATEMENT
Edition statement 8th ed.
260 ## - PUBLICATION, DISTRIBUTION, ETC. (IMPRINT)
Place of publication, distribution, etc Australia :
Name of publisher, distributor, etc South-Western, Cengage Learning ,
Date of publication, distribution, etc 2007.
300 ## - PHYSICAL DESCRIPTION
Extent xix, 874 p. :
Other physical details ill.
504 ## - BIBLIOGRAPHY, ETC. NOTE
Bibliography, etc Includes bibliographical references and indexes.
505 ## - FORMATTED CONTENTS NOTE
Formatted contents note Basic management accounting concepts-- Activity-based accounting-- Product and service costing-- Planning and control-- Managerial decision making-- Special topics
650 #0 - SUBJECT ADDED ENTRY--TOPICAL TERM
Topical term or geographic name as entry element Managerial accounting.
700 1# - ADDED ENTRY--PERSONAL NAME
Personal name Mowen, Maryanne M.
700 1# - ADDED ENTRY--PERSONAL NAME
Personal name Hansen, Don R.
Title of a work Management accounting.
906 ## - LOCAL DATA ELEMENT F, LDF (RLIN)
a 7
b cbc
c orignew
d 3
e epcn
f 20
g y-gencatlg
942 ## - ADDED ENTRY ELEMENTS (KOHA)
Source of classification or shelving scheme
Koha item type Book
Holdings
Withdrawn status Lost status Source of classification or shelving scheme Damaged status Not for loan Home library Current library Date acquired Source of acquisition Total Checkouts Total Renewals Full call number Barcode Date last seen Date checked out Copy number Price effective from Koha item type
          Riara University Library Riara University Library 15/10/2011 Purchase 5 1 HF5657.4.H36 2007 2198/11 17/05/2017 03/12/2016 C.3 15/10/2011 Book
          Riara University Library Riara University Library 15/10/2011 Purchase 1   HF5657.4.H36 2007 2197/11 24/11/2014 10/11/2014 C.2 15/10/2011 Book
          Riara University Library Riara University Library 15/10/2011 Purchase 2   HF5657.4.H36 2007 2199/11 04/06/2016 19/05/2016 C.3 15/10/2011 Book

Riara University Library,
P.O. Box 49940-00100,
Nairobi, Kenya.